Statistics for 英雄联盟所有英雄称号或名称(截止2024/3/8)

Click here to take the quiz!

General Stats

  • This quiz has been taken 311 times
    (132 since last reset)
  • The average score is 106 of 167

Answer Stats

官方定位答案% Correct
射手/辅助寒冰射手
94%
战士/坦克诺克萨斯之手
88%
法师/射手沙漠皇帝
87%
射手麦林炮手
87%
战士/坦克德玛西亚之力
87%
战士/坦克暗裔剑魔
87%
战士/刺客疾风剑豪
87%
射手法外狂徒
86%
射手/法师探险家
86%
法师/辅助光辉女郎
86%
辅助/战士魂锁典狱长
86%
战士/刺客盲僧
84%
射手皮城女警
84%
射手圣枪游侠
84%
射手/辅助赏金猎人
83%
辅助幻翎
81%
法师/射手迅捷斥候
81%
法师/刺客离群之刺
80%
射手复仇之矛
78%
射手逆羽
78%
射手暴走萝莉
78%
射手虚空之女
78%
坦克/法师熔岩巨兽
78%
法师/刺客九尾妖狐
78%
战士德邦总管
78%
法师卡牌大师
78%
射手戏命师
78%
刺客影流之主
77%
辅助/坦克深海泰坦
77%
刺客刀锋之影
77%
射手/刺客暗夜猎手
77%
战士/坦克德玛西亚皇子
77%
辅助/战士/坦克蒸汽机器人
75%
战士/刺客武器大师
75%
战士/刺客刀锋舞者
75%
法师/辅助魔法猫咪
75%
法师/辅助黑暗之女
75%
战士/坦克荒漠屠夫
74%
战士无极剑圣
74%
刺客/战士封魔剑魂
72%
坦克纳祖芒荣耀
71%
法师发条魔灵
71%
战士/坦克沙漠死神
71%
辅助/坦克曙光女神
71%
法师铸星龙王
71%
刺客/战士破败之王
70%
战士/刺客放逐之刃
70%
战士/坦克山隐之焰
70%
射手残月之肃
70%
射手/刺客瘟疫之源
70%
战士/刺客无双剑姬
70%
射手荣耀行刑官
70%
战士不屈之枪
70%
法师/坦克正义巨像
70%
法师/射手狂暴之心
70%
法师冰霜女巫
68%
射手/辅助涤魂圣枪
68%
战士/刺客皮城执法官
68%
法师/战士/刺客潮汐海灵
68%
战士/坦克暮光之眼
67%
刺客/战士/法师时间刺客
67%
射手沙漠玫瑰
67%
法师符文法师
67%
辅助众星之子
67%
战士/坦克腕豪
67%
法师/刺客不祥之刃
65%
法师/刺客虚空行者
65%
法师/坦克酒桶
65%
刺客虚空掠夺者
65%
刺客/辅助血港鬼影
65%
辅助/法师琴瑟仙女
65%
辅助/法师唤潮鲛姬
65%
战士/射手无畏战车
64%
射手/法师深渊巨口
64%
战士/坦克齐天大圣
64%
坦克/法师扭曲树精
64%
战士/刺客蛮族之王
64%
射手炽焰雏龙
64%
辅助/法师风暴之怒
64%
战士/坦克青钢影
64%
辅助/法师堕落天使
64%
战士虚空遁地兽
64%
法师/战士诺克萨斯统领
64%
法师/战士/刺客皎月女神
64%
法师邪恶小法师
64%
射手战争女神
64%
坦克/辅助河流之王
62%
法师/辅助暮光星灵
62%
坦克/法师殇之木乃伊
62%
射手祖安花火
62%
辅助/法师仙灵女巫
62%
法师暗黑元首
62%
刺客/战士灵罗娃娃
62%
法师/刺客狂野女猎手
62%
战士/射手未来守护者
62%
射手/法师惩戒之箭
62%
战士/坦克北地之怒
62%
法师虚空之眼
62%
法师复仇焰魂
61%
战士正义天使
61%
战士/坦克圣锤之毅
61%
战士海洋之灾
61%
法师/辅助万花通灵
59%
坦克/战士亡灵战神
59%
射手永猎双子
59%
法师冰晶凤凰
58%
坦克/法师虚空恐惧
58%
法师远古巫灵
58%
战士/坦克水晶先锋
58%
法师/刺客诡术妖姬
58%
战士/坦克不灭狂雷
58%
辅助/法师星界游神
57%
战士/坦克战争之影
57%
法师/射手爆破鬼才
57%
法师/辅助大发明家
57%
坦克/法师炼金术士
57%
射手/法师英勇投弹手
57%
刺客/战士影流之镰
57%
战士/坦克祖安怒兽
57%
辅助/坦克弗雷尔卓德之心
55%
辅助/坦克牛头酋长
55%
刺客/法师痛苦之拥
55%
辅助/法师天启者
55%
法师/辅助星籁歌姬
55%
辅助/法师荆棘之兴
55%
刺客/战士傲之追猎者
55%
战士/坦克迷失之牙
55%
法师/辅助岩雀
54%
辅助/法师时光守护者
54%
战士/法师机械公敌
54%
法师/战士含羞蓓蕾
52%
刺客恶魔小丑
52%
法师/战士蜘蛛女皇
52%
辅助明烛
52%
法师机械先驱
52%
战士/坦克海兽祭司
52%
战士虚空女皇
52%
坦克/法师雪原双子
52%
战士/法师铁铠冥魂
51%
法师远古恐惧
51%
战士/坦克龙血武姬
51%
战士/坦克牧魂人
51%
法师异画师
49%
战士狂战士
49%
法师愁云使者
49%
刺客/法师解脱者
49%
战士/坦克兽灵行者
49%
坦克/辅助镕铁少女
48%
坦克/战士生化魔人
48%
法师虚空先知
48%
射手/刺客德玛西亚之翼
46%
战士/坦克祖安狂人
46%
坦克披甲龙龟
46%
法师魔蛇之拥
46%
射手不羁之悦
46%
法师猩红收割者
45%
战士/坦克巨魔之王
45%
辅助/坦克瓦洛兰之盾
45%
法师死亡颂唱者
43%
战士/刺客永恒梦魇
43%
射手/刺客影哨
42%
刺客/战士元素女皇
42%
战士/坦克暴怒骑士
39%
法师/辅助翠神
35%
辅助炼金男爵
33%
刺客百裂冥犬
33%
刺客狂厄蔷薇
32%

Score Distribution

Percentile by Number Answered

Percent of People with Each Score

Your Score History

You have not taken this quiz since the last reset